header

Resilience of an African giant (Record no. 219993)

MARC details
000 -LEADER
fixed length control field 01927nam a2200409 a 4500
082 04 - DEWEY DECIMAL CLASSIFICATION NUMBER
Classification number 338.96751
100 1# - MAIN ENTRY--AUTHOR NAME
Personal name Herderschee, Han.
245 10 - TITLE STATEMENT
Title Resilience of an African giant
260 ## - PUBLICATION, DISTRIBUTION, ETC. (IMPRINT)
Place of publication Washington, D.C. :
Name of publisher World Bank,
Year of publication 2012.
300 ## - PHYSICAL DESCRIPTION
Number of Pages xx, 116 p. :
Other physical details ill.
490 1# - SERIES STATEMENT
Series statement Directions in development : countries and regions
505 0# - FORMATTED CONTENTS NOTE
Formatted contents note Introduction -- DRC's renaissance remains fragile -- Government effectiveness -- Unlocking the infrastructure challenge -- Private sector development and employment creation -- How to sequence DRC's policy interventions.
650 #0 - SUBJECT ADDED ENTRY--TOPICAL TERM
Topical Term Economic development
700 1# - ADDED ENTRY--PERSONAL NAME
Personal name Kaiser, Kai-Alexander.
Personal name Mukoko Samba, Daniel.
856 40 - ELECTRONIC LOCATION AND ACCESS
Uniform Resource Identifier http://site.ebrary.com/lib/rucke/Doc?id=10506417

No items available.

© 2026 Rongo University
Contact us: librarian | system librarian | Rongo university